000 00662nam a2200217Ia 4500
003 GCL
008 140319s9999 xx 000 0 ara d
020 _a0148215977
040 _aGCL /
_cGCL
082 0 4 _a213
_bا ز
100 1 _aاحمد عمر هاشم
245 1 0 _aزاد الداعية /
_cاحمد عمر هاشم
260 _aالقاهرة :
_bدار غريب للطباعة والنشر والتوزيع ،
_c1995
300 _a339 ص ؛
_c24 سم
490 _a
650 0 4 _aالاسلام - دعوة
650 0 4 _aالدعوة والدعاة
650 0 4 _aالدعوة الاسلامية
650 0 4 _aالداعية
942 _2ddc
_cBK
999 _c40517
_d40517